[Event "Pan American-ch Hybrid U16 31st"]
[Site "Tornelo INT"]
[Date "2021.09.04"]
[Round "5"]
[White "Gonzalez De la Guardia, Luis Emilio"]
[Black "Vasquez Vargas, Henry Richard"]
[Result "1/2-1/2"]
[WhiteElo "1611"]
[BlackElo "1998"]
[PlyCount "82"]
[EventDate "2021.09.04"]
[EventType "swiss"]
[EventRounds "9"]
[EventCountry "NET"]
[SourceTitle "EXT 2023"]
[Source "ChessBase"]
[SourceDate "2022.10.05"]
[SourceVersion "1"]
[SourceVersionDate "2022.10.05"]
[SourceQuality "1"]

1. e4 c5 2. Nf3 d6 3. c3 Nf6 4. h3 g6 5. Bd3 Bg7 6. Bc2 0-0 7. 0-0 Nc6 8. d4 cxd4 9. cxd4 Nb4 10. Bb3 a5 11. Nc3 b5 12. a3 Nc6 13. Nxb5 Qb6 14. Nc3 Ba6 15. Re1 Rab8 16. Ba4 Rfc8 17. Rb1 Nxd4 18. Qxd4 Qxd4 19. Nxd4 Rxc3 20. Nc6 Rb6 21. Nxe7+ Kf8 22. Bg5 Rc4 23. b3 Rxa4 24. Bxf6 Rxa3 25. Nd5 Rb7 26. Bd8 Bd4 27. Bc7 Bc5 28. e5 dxe5 29. Rbc1 Bb4 30. Bxe5 f5 31. Nxb4 axb4 32. Rc6 Bb5 33. Rc8+ Kf7 34. Rh8 Rb6 35. Rxh7+ Kg8 36. Rg7+ Kf8 37. Rc1 Re6 38. Bd4 Rd6 39. Be5 Re6 40. Bd4 Rd6 41. Be5 Re6 1/2-1/2

[Event "Pan American-ch Hybrid U16 31st"]
[Site "Tornelo INT"]
[Date "2021.09.04"]
[Round "6"]
[White "Hernandez Lora, Miguel Angel"]
[Black "Gonzalez De la Guardia, Luis Emilio"]
[Result "1-0"]
[WhiteElo "1968"]
[BlackElo "1611"]
[PlyCount "107"]
[EventDate "2021.09.04"]
[EventType "swiss"]
[EventRounds "9"]
[EventCountry "NET"]
[SourceTitle "EXT 2023"]
[Source "ChessBase"]
[SourceDate "2022.10.05"]
[SourceVersion "1"]
[SourceVersionDate "2022.10.05"]
[SourceQuality "1"]

1. e4 c5 2. Nf3 d6 3. d4 cxd4 4. Qxd4 Nc6 5. Bb5 a6 6. Bxc6+ bxc6 7. c4 e5 8. Qd3 Qc7 9. 0-0 Nf6 10. Nc3 Be7 11. h3 0-0 12. b3 Rd8 13. Bb2 Bb7 14. Rac1 a5 15. Qe3 Nd7 16. Na4 Ba6 17. Rfd1 h6 18. c5 dxc5 19. Ba3 Qa7 20. Bxc5 Nxc5 21. Rxd8+ Rxd8 22. Nxc5 Bf6 23. Qc3 Bb5 24. a4 Be2 25. Nxe5 Qc7 26. Qe1 Bg5 27. Qxe2 Bxc1 28. Nc4 Bf4 29. g3 Bd6 30. Nd3 Bxg3 31. e5 Qd7 32. Nc5 Qd1+ 33. Qxd1 Rxd1+ 34. Kg2 Rd5 35. Nb7 Bxe5 36. Nbxa5 Bc3 37. Nxc6 Rc5 38. Nb8 Rc8 39. Nd7 Rc7 40. Ndb6 Rb7 41. Kf3 Kf8 42. Ke4 Be1 43. f3 f5+ 44. Kd5 g5 45. Kc6 Ra7 46. Nd6 f4 47. Nd7+ Ke7 48. Nc8+ Ke6 49. Nxa7 h5 50. Nc5+ Ke5 51. Nd3+ Kd4 52. Nxe1 Ke3 53. Nb5 Ke2 54. Nd4+ 1-0

[Event "Kaspersky op U16"]
[Site "Tornelo INT"]
[Date "2021.04.02"]
[Round "10"]
[White "Gonzalez De la Guardia, Luis Emilio"]
[Black "Caku, Kler"]
[Result "1-0"]
[WhiteElo "1550"]
[BlackElo "1199"]
[PlyCount "65"]
[EventDate "2021.04.02"]
[EventType "swiss (blitz)"]
[EventRounds "11"]
[EventCountry "RUS"]
[SourceTitle "CBM 201 Extra"]
[Source "ChessBase"]
[SourceDate "2021.05.31"]
[SourceVersion "1"]
[SourceVersionDate "2021.05.31"]
[SourceQuality "1"]

1. e4 e5 2. Nf3 Nc6 3. Bb5 a6 4. Ba4 Nf6 5. 0-0 d6 6. d3 Be7 7. Nc3 0-0 8. a3 Bg4 9. Be3 b5 10. Bb3 Na5 11. Ba2 c5 12. h3 Bh5 13. g4 Bg6 14. Nd5 Nxd5 15. Bxd5 Rb8 16. b4 Nb7 17. Nd2 Qc7 18. f4 exf4 19. Bxf4 cxb4 20. axb4 Qc3 21. Nf3 Qxb4 22. h4 h6 23. Qc1 a5 24. Bxh6 gxh6 25. Qxh6 Qc5+ 26. d4 Qxc2 27. Qxg6+ Kh8 28. Qh6+ Kg8 29. Rf2 Qc3 30. Raf1 Nd8 31. g5 Ne6 32. g6 Ng7 33. Qh7# 1-0

[Event "Pan American-ch School U15"]
[Site "Medellin"]
[Date "2019.11.16"]
[Round "8"]
[White "Gonzalez De la Guardia, Luis Emilio"]
[Black "Briones Espino, Martin Daniel"]
[Result "0-1"]
[WhiteElo "1439"]
[BlackElo "1522"]
[PlyCount "52"]
[EventDate "2019.11.12"]
[EventType "swiss"]
[EventRounds "9"]
[EventCountry "COL"]
[SourceTitle "CBM 193 Extra"]
[Source "ChessBase"]
[SourceDate "2020.01.31"]
[SourceVersion "1"]
[SourceVersionDate "2020.01.31"]
[SourceQuality "1"]

1. e4 c5 2. Nf3 e6 3. d4 cxd4 4. Nxd4 Nc6 5. Be3 Qc7 6. Nc3 a6 7. a3 Nf6 8. Be2 b5 9. 0-0 Bb7 10. f4 d6 11. Bf3 Rc8 12. Qe1 Be7 13. Qg3 0-0 14. Rad1 Rfd8 15. Kh1 Na5 16. e5 dxe5 17. fxe5 Nd5 18. Bxd5 Bxd5 19. Qf2 Bf8 20. Nxe6 Bxg2+ 21. Kxg2 Qc6+ 22. Kg1 Qxe6 23. Rxd8 Rxd8 24. Bb6 Rc8 25. Bxa5 Bc5 26. Qxc5 Rxc5 0-1

[Event "Pan American-ch School U15"]
[Site "Medellin"]
[Date "2019.11.13"]
[Round "3"]
[White "Romero Valencia, Miguel Angel"]
[Black "Gonzalez De la Guardia, Luis Emilio"]
[Result "1-0"]
[WhiteElo "1612"]
[BlackElo "1439"]
[PlyCount "85"]
[EventDate "2019.11.12"]
[EventType "swiss"]
[EventRounds "9"]
[EventCountry "COL"]
[SourceTitle "CBM 193 Extra"]
[Source "ChessBase"]
[SourceDate "2020.01.31"]
[SourceVersion "1"]
[SourceVersionDate "2020.01.31"]
[SourceQuality "1"]

1. Nf3 d5 2. g3 Nf6 3. Bg2 e6 4. d4 Be7 5. c4 b6 6. cxd5 exd5 7. Nc3 Bb7 8. 0-0 0-0 9. Bf4 Nbd7 10. Rc1 a6 11. Nh4 Re8 12. Nf5 c5 13. Nxe7+ Qxe7 14. dxc5 Nxc5 15. Bg5 Nce4 16. Bxf6 Nxf6 17. e3 Rad8 18. Qb3 Qe6 19. Rfd1 h6 20. Na4 Rd6 21. Rc7 Ba8 22. Rc2 Ne4 23. Nc3 Qf6 24. Nxd5 Qe6 25. Nc3 Rxd1+ 26. Nxd1 Bd5 27. Qa3 Qf5 28. Qd3 b5 29. Nc3 Bc4 30. Bxe4 Bxd3 31. Bxf5 Bxf5 32. Rd2 Rc8 33. a3 Bh3 34. f3 a5 35. Rd4 Kf8 36. g4 f5 37. gxf5 Rc5 38. e4 Kf7 39. Kf2 g6 40. fxg6+ Kxg6 41. Rd5 Rxd5 42. Nxd5 Be6 43. Nf4+ 1-0